| 000 | 00621cam a22002293a 4500 | ||
|---|---|---|---|
| 001 | 13687 | ||
| 003 | PGUSA | ||
| 005 | 20140828083307.0 | ||
| 008 | 041010s2004||||xxu|||||s|||||000 p eng d | ||
| 040 |
_aPGUSA _beng |
||
| 042 | _adc | ||
| 050 | 4 | _aPL | |
| 100 | 1 |
_aTolentino, Aurelio, _d1867-1915 |
|
| 245 | 1 | 0 |
_aDakilang Asal _h[electronic resource] / _cAurelio Tolentino |
| 260 |
_bProject Gutenberg, _c2004 |
||
| 506 | _aPublic domain in the USA. | ||
| 516 | _aElectronic text | ||
| 653 | _aTagalog poetry | ||
| 830 | 0 |
_aProject Gutenberg _v13687 |
|
| 856 | 4 | 0 | _uhttp://www.gutenberg.org/ebooks/13687 |
| 942 | _cEB | ||
| 999 |
_c242942 _d242942 |
||